Valorisation des déchets organiques à travers l'utilisation du compost pour une agriculture urbaine et durable (Record no. 46600)

MARC details
000 -LEADER
fixed length control field 00601nam a22001817a 4500
003 - CONTROL NUMBER IDENTIFIER
control field 0
005 - DATE AND TIME OF LATEST TRANSACTION
control field 20160609165231.0
008 - FIXED-LENGTH DATA ELEMENTS--GENERAL INFORMATION
fixed length control field 091203t xxu||||| |||| 00| 0 eng d
037 ## - SOURCE OF ACQUISITION
Stock number M15352
Source of stock number/acquisition BIBLIO EPAC
040 ## - SOURCE DU CATALOGAGE
Original cataloging agency UAC/EPAC
Language of cataloging F
Transcribing agency BIBLIO-EPAC
082 ## - DEWEY DECIMAL CLASSIFICATION NUMBER
Classification number 27.APE/BAR
100 ## - VEDETTE PRINCIPALE - NOM DE PERSONNE
Personal name Primela Jolyane Chantelle BARUNCIO
9 (RLIN) 2400
245 ## - TITLE STATEMENT
Title Valorisation des déchets organiques à travers l'utilisation du compost pour une agriculture urbaine et durable
260 ## - PUBLICATION, DISTRIBUTION, ETC. (IMPRINT)
Place of publication, distribution, etc UAC-EPAC
Name of publisher, distributor, etc BIBLIO EPAC
Date of publication, distribution, etc 2007-2008
300 ## - PHYSICAL DESCRIPTION
Extent II-43p
Dimensions 29cm
650 ## - SUBJECT ADDED ENTRY--TOPICAL TERM
Topical term or geographic name as entry element AMENAGEMENT PROTECTION ENVIRONNEMENT
9 (RLIN) 2401
942 ## - ADDED ENTRY ELEMENTS (KOHA)
Koha item type Thèse et Memoire
Holdings
Withdrawn status Lost status Damaged status Not for loan Location (home branch) Sublocation or collection (holding branch) Date acquired Source of acquisition Koha issues (times borrowed) Koha full call number Piece designation (barcode) Koha date last seen Copy number Price effective from Koha item type Public note
        Bibliothèque Ecole Polytechnique d'Abomey-Calavi Bibliothèque Ecole Polytechnique d'Abomey-Calavi 03/12/2009 Don   27.APE/BAR M15352 03/12/2009 3 03/12/2009 Thèse et Memoire 3 Exemplaires dont un exclu du prêt
        Bibliothèque Ecole Polytechnique d'Abomey-Calavi Bibliothèque Ecole Polytechnique d'Abomey-Calavi 21/02/2011 Don   27.APE/BAR R16705EPAC 21/02/2011 2 21/02/2011 Thèse et Memoire Prêt à domicile
        Bibliothèque Ecole Polytechnique d'Abomey-Calavi Bibliothèque Ecole Polytechnique d'Abomey-Calavi 21/02/2011 don   27.APE/BAR R16706EPAC 21/02/2011 1 21/02/2011 Thèse et Memoire  


© 2008, Bibliothèques de l'Université d'Abomey-Calavi

04 BP 789 Cotonou, Tél. : +229 21 36 01 01, Fax : +229 21 35 06 32

Courriel : bu@bu.uac.bj